|
|
|
|
| LEADER |
01359ca a2200361 4500 |
| 001 |
000031099 |
| 003 |
5422 |
| 005 |
20210315085528.0 |
| 008 |
151001s2008 000 eng |
| 020 |
|
|
|a 9781862876606 (Australia : pbk.)
|
| 020 |
|
|
|a 9781862876927 (Australia : hard)
|
| 020 |
|
|
|a 9789812308191 (Singapore)
|
| 040 |
|
|
|a lnn
|c lnn
|d lnn
|
| 082 |
0 |
4 |
|a 349.598
|b LI-T
|
| 100 |
|
|
|a Lindsey, Tim
|
| 245 |
0 |
0 |
|a Indonesia, law and society /
|c edited by Tim Lindsey.
|
| 250 |
|
|
|a 2nd ed.
|
| 260 |
|
|
|a Leichhardt, N.S.W., Australia :
|b Federation Press ;
|a [Singapore] :
|b Distributed by ISEAS in Asia,
|c [2008?].
|
| 300 |
|
|
|a xxi, 734 p. :
|b ill. ;
|c 25 cm.
|
| 504 |
|
|
|a Includes bibliographical references and index.
|
| 650 |
|
0 |
|a Law
|z Indonesia.
|
| 650 |
|
0 |
|a Law
|x Social aspects
|z Indonesia.
|
| 650 |
|
0 |
|a Law
|x Political aspects
|z Indonesia.
|
| 650 |
|
0 |
|a Islamic law
|z Indonesia.
|
| 700 |
1 |
|
|a Lindsey, Timothy,
|d 1962-
|
| OWN |
|
|
|a LNN
|
| 902 |
|
|
|a TKA
|
| AVA |
|
|
|a UDN50
|b LNN
|c English
|d 420.3 TI-L
|e available
|t Error 5001 Not defined in file expand_doc_bib_avail.
|f 1
|g 0
|h N
|i 0
|j AN
|k 1
|
| 999 |
|
|
|a From the UDN01
|
| AVA |
|
|
|a UDN50
|b LNN
|c English
|d 420.3 TI-L
|e available
|t Error 5001 Not defined in file expand_doc_bib_avail.
|f 1
|g 0
|h N
|i 0
|j AN
|k 1
|
| 980 |
|
|
|a Mạng thư viện Đại học Đà Nẵng
|